[Rezension von: Gubo, Darara, 1979-, Blasphemy and defamation of religions in a polarized world]
| 1. VerfasserIn: | |
|---|---|
| Beteiligte: | |
| Medienart: | Elektronisch Rezension |
| Sprache: | Englisch |
| Veröffentlicht: |
2017
|
| In: |
Human rights review
Jahr: 2017, Band: 18, Heft: 4, Seiten: 507-508 |
| Online-Zugang: |
Volltext (lizenzpflichtig) Volltext (lizenzpflichtig) |
| Verfügbarkeit prüfen: | HBZ Gateway |
| Schlagwörter: |
MARC
| LEADER | 00000naa a22000002c 4500 | ||
|---|---|---|---|
| 001 | 1934621110 | ||
| 003 | DE-627 | ||
| 005 | 20250825092648.0 | ||
| 007 | cr uuu---uuuuu | ||
| 008 | 250825s2017 xx |||||oo 00| ||eng c | ||
| 024 | 7 | |a 10.1007/s12142-017-0474-2 |2 doi | |
| 035 | |a (DE-627)1934621110 | ||
| 035 | |a (DE-599)KXP1934621110 | ||
| 040 | |a DE-627 |b ger |c DE-627 |e rda | ||
| 041 | |a eng | ||
| 084 | |a 2,1 |2 ssgn | ||
| 100 | 1 | |a Sadri, Armis |e VerfasserIn |4 aut | |
| 245 | 1 | 0 | |a [Rezension von: Gubo, Darara, 1979-, Blasphemy and defamation of religions in a polarized world] |c Armis Sadri |
| 264 | 1 | |c 2017 | |
| 336 | |a Text |b txt |2 rdacontent | ||
| 337 | |a Computermedien |b c |2 rdamedia | ||
| 338 | |a Online-Ressource |b cr |2 rdacarrier | ||
| 655 | 7 | |a Rezension |0 (DE-588)4049712-4 |0 (DE-627)106186019 |0 (DE-576)209083166 |2 gnd-content | |
| 700 | 1 | |a Gubo, Darara |d 1979- |e VerfasserIn des Bezugswerks |0 (DE-588)1089681216 |0 (DE-627)851124755 |0 (DE-576)460071971 |4 ant | |
| 773 | 0 | 8 | |i Enthalten in |t Human rights review |d Dordrecht : Springer, 1999 |g 18(2017), 4, Seite 507-508 |h Online-Ressource |w (DE-627)320607771 |w (DE-600)2020969-1 |w (DE-576)109633938 |x 1874-6306 |7 nnas |
| 773 | 1 | 8 | |g volume:18 |g year:2017 |g number:4 |g pages:507-508 |
| 787 | 0 | 8 | |i Rezension von |a Gubo, Darara, 1979 - |t Blasphemy and defamation of religions in a polarized world |d Lanham : Lexington Books, 2015 |h xii, 183 Seiten |w (DE-627)798454024 |z 9780739189726 |
| 856 | 4 | 0 | |u https://doi.org/10.1007/s12142-017-0474-2 |x Resolving-System |z lizenzpflichtig |3 Volltext |7 1 |
| 856 | 4 | 0 | |u https://link.springer.com/article/10.1007/s12142-017-0474-2 |x Verlag |z lizenzpflichtig |3 Volltext |7 1 |
| 951 | |a AR | ||
| ELC | |a 1 | ||
| LOK | |0 000 xxxxxcx a22 zn 4500 | ||
| LOK | |0 001 4771191239 | ||
| LOK | |0 003 DE-627 | ||
| LOK | |0 004 1934621110 | ||
| LOK | |0 005 20250912124908 | ||
| LOK | |0 008 250912||||||||||||||||ger||||||| | ||
| LOK | |0 040 |a DE-2619 |c DE-627 |d DE-2619 | ||
| LOK | |0 092 |o n | ||
| LOK | |0 852 |a DE-2619 | ||
| LOK | |0 852 1 |9 00 | ||
| LOK | |0 939 |a 12-09-25 |b l01 | ||
| ORI | |a SA-MARC-krimdoka001.raw | ||
